[Event "IND-chB 51st"]
[Site "Bhopal"]
[Date "2013.10.22"]
[Round "13"]
[White "Kamal, Kishore Debnath"]
[Black "Teli, Rajendra"]
[Result "0-1"]
[WhiteElo "1867"]
[BlackElo "2016"]
[PlyCount "56"]
[EventDate "2013.10.12"]
[EventType "swiss"]
[EventRounds "13"]
[EventCountry "IND"]
[SourceTitle "EXT 2014"]
[Source "ChessBase"]
[SourceDate "2013.11.20"]
[SourceVersion "1"]
[SourceVersionDate "2013.11.20"]
[SourceQuality "1"]

1. d4 Nf6 2. c4 g6 3. Nc3 Bg7 4. e4 d6 5. Nf3 0-0 6. Be2 e5 7. 0-0 Nc6 8. d5 Ne7 9. Nd2 Ne8 10. b4 f5 11. f3 f4 12. c5 g5 13. Nc4 Kh8 14. Bb2 Ng8 15. Rc1 h5 16. Qc2 g4 17. Rfe1 Nh6 18. a4 Rg8 19. Nb5 a6 20. Nc3 Qh4 21. cxd6 cxd6 22. Nb6 Rb8 23. Nxc8 Rxc8 24. Qd2 Nf6 25. Nb1 gxf3 26. gxf3 Bf8+ 27. Kh1 Rxc1 28. Bxc1 Nhg4 0-1

[Event "IND-chB 45th"]
[Site "Dindigul"]
[Date "2007.06.12"]
[Round "2"]
[White "Adhiban, Baskaran"]
[Black "Teli, Rajendra"]
[Result "1-0"]
[WhiteElo "2368"]
[BlackElo "2176"]
[PlyCount "67"]
[EventDate "2007.06.11"]
[EventType "swiss"]
[EventRounds "12"]
[EventCountry "IND"]
[SourceTitle "CBM 119 Extra"]
[Source "ChessBase"]
[SourceDate "2007.09.04"]
[SourceVersion "1"]
[SourceVersionDate "2007.09.04"]
[SourceQuality "1"]

1. e4 d6 2. d4 Nd7 3. Nf3 h6 4. Nc3 c6 5. Bc4 Qc7 6. a4 b6 7. 0-0 a6 8. Nh4 Ngf6 9. f4 e5 10. fxe5 dxe5 11. d5 c5 12. Nf5 g6 13. d6 Qb8 14. Ne7 Bb7 15. Ned5 Nxd5 16. Bxd5 Rh7 17. Be3 Ra7 18. Bxb7 Rxb7 19. Qd3 Bxd6 20. Qxa6 Kf8 21. Qc4 Kg8 22. Nd5 Qd8 23. Rf3 Be7 24. Rd1 Bg5 25. Bxg5 hxg5 26. Nf6+ Qxf6 27. Rxf6 Nxf6 28. Qa6 Rd7 29. Qc8+ Kg7 30. Rxd7 Nxd7 31. Qxd7 Rh4 32. Qc6 Rf4 33. Qxb6 Rxe4 34. a5 1-0